000 00449nam a2200193Ia 4500
008 170918s9999 xx 000 0 und d
020 _a9780545221597
050 _bG662 2010
100 _aGordon, Roderick
245 _aFreefall /
245 _cby Roderick Gordon.
260 _aUnited Kingdom :
260 _bChicken House,
260 _c2010
300 _a599 pages :
300 _billustrations ;
300 _c21cm.
500 _a920
999 _c343582
_d343582